Produktom davovej psychózy je násilie
Rozhovor s psychologičkou, o podnetoch, ktoré pôsobia na zmenu chovania zákazníkov v snahe získať lacný tovar.
Enregistré dans:
| Auteur principal: | |
|---|---|
| Autres auteurs: | |
| Format: | Chapitre de livre |
| Langue: | slovaque |
| Sujets: | |
| Tags: |
Pas de tags, Soyez le premier à ajouter un tag!
|
MARC
| LEADER | 00000naa$a2200000$$$4500 | ||
|---|---|---|---|
| 001 | 0025891 | ||
| 005 | 20231107125748.0 | ||
| 041 | 0 | |a slo | |
| 044 | |a SK | ||
| 245 | 1 | 0 | |a Produktom davovej psychózy je násilie |c Jozef Brezovský, Mária Chaloupková |
| 520 | |a Rozhovor s psychologičkou, o podnetoch, ktoré pôsobia na zmenu chovania zákazníkov v snahe získať lacný tovar. | ||
| 610 | 2 | 0 | |a obchod |
| 610 | 2 | 0 | |a výpredaj sezónny |
| 610 | 2 | 0 | |a spotrebitelia |
| 610 | 2 | 0 | |a správanie spotrebiteľa |
| 610 | 2 | 0 | |a psychológia sociálna |
| 610 | 2 | 0 | |a psychológia reklamy |
| 610 | 2 | 0 | |a rozhovor |
| 100 | 1 | |a Brezovský, Jozef | |
| 700 | 1 | |a Chaloupková, Mária | |